000
002340000a22000970004500
100
1
_a
Salem, Luis D.
245
1
0
_a
En un establo es mejor
300
_a
Vol, 1, Núm 6 (1989), Páginas 13
773
0
_t
Impacto Presbiteriano
942
_c
ANA
999
_c
50848
_d
50848